Introducción a la programación /
Contenido: Introducción a la informática; Problemas, algoritmos y programas; Programación estructurada; Abstracción operacional; Recursividad; Tipos de datos.
Guardat en:
| Autor principal: | |
|---|---|
| Altres autors: | , |
| Format: | Llibre |
| Idioma: | espanyol |
| Publicat: |
Cádiz, España :
Universidad de Cádiz,
2002, c2002
|
| Col·lecció: | (Textos Básicos Universitarios ;
10) |
| Matèries: | |
| Etiquetes: |
Sense etiquetes, Sigues el primer a etiquetar aquest registre!
|
MARC
| LEADER | 00000nam^a2200000^a^4500 | ||
|---|---|---|---|
| 001 | 000156454 | ||
| 005 | 20250521000000.0 | ||
| 009 | 20260310100504.589 | ||
| 020 | |a 84-7786-773-9 | ||
| 037 | |a Acervo ITESO - Biblioteca | ||
| 041 | |a ESP | ||
| 082 | |a 005. 1 |b HUR | ||
| 100 | |a Hurtado Rodríguez, Nuria |e (autor) | ||
| 245 | 1 | 0 | |a Introducción a la programación / |c N. Hurtado Rodríguez, M. Laguía Bonillo, E. L. Silva Ramírez. |
| 264 | 4 | |a Cádiz, España : |b Universidad de Cádiz, |c 2002, c2002 | |
| 300 | |a III, 177 p. | ||
| 336 | |a texto |b txt |2 rdacontenido | ||
| 337 | |a sin mediación |b n |2 rdamedio | ||
| 338 | |a volumen |b nc |2 rdasoporte | ||
| 440 | 1 | |a (Textos Básicos Universitarios ; |v 10) | |
| 520 | |a Contenido: Introducción a la informática; Problemas, algoritmos y programas; Programación estructurada; Abstracción operacional; Recursividad; Tipos de datos. | ||
| 649 | |a XX | ||
| 650 | |a Algoritmos | ||
| 650 | |a Operadores - |x Teoría | ||
| 650 | |a Teoría de Recursión | ||
| 650 | |a Proceso Electrónico de Datos | ||
| 650 | |a Proceso de Datos | ||
| 650 | |a Bases de Datos | ||
| 650 | |a Compiladores (Software) | ||
| 650 | |a Lenguajes de Programación | ||
| 650 | |a Programación Estructurada (Software) | ||
| 650 | |a Programación (Software) | ||
| 650 | |a Informática | ||
| 650 | |a Análisis Numérico | ||
| 650 | |a Ingeniería Computacional | ||
| 700 | |a Laguía Bonillo, Manuel |e (autor) | ||
| 700 | |a Silva Ramírez, Esther Lydia |e (autor) | ||
| 910 | |a Fondo General | ||
| 920 | |a Impresos - Libros | ||
| 930 | |a Colección General | ||
| 905 | |a 101 | ||
| 901 | |a 0500084294 |b IT1 |c ACC |u 20250521 | ||
| 902 | |a https://opac.biblio.iteso.mx/vufind/Record/000156454 | ||